[Event "South African op"]
[Site "Cape Town"]
[Date "2022.07.16"]
[Round "9"]
[White "Selepe, Lwazi"]
[Black "Van Zyl, Albrecht"]
[Result "1/2-1/2"]
[WhiteElo "1480"]
[BlackElo "1705"]
[PlyCount "91"]
[EventDate "2022.07.09"]
[EventType "swiss"]
[EventRounds "11"]
[EventCountry "RSA"]
[SourceTitle "CBM 209 Extra"]
[Source "ChessBase"]
[SourceDate "2022.09.30"]
[SourceVersion "1"]
[SourceVersionDate "2022.09.30"]
[SourceQuality "1"]

1. e4 c6 2. Nc3 d5 3. Nf3 dxe4 4. Nxe4 Nf6 5. Qe2 Nxe4 6. Qxe4 Nd7 7. Bc4 Nf6 8. Ne5 e6 9. Qe2 b5 10. Bb3 Qc7 11. d4 Bd6 12. Bf4 0-0 13. 0-0 Bb7 14. Bg3 a6 15. Rac1 c5 16. dxc5 Qxc5 17. c4 Ne4 18. Nd3 Nxg3 19. hxg3 Qc6 20. Ne1 b4 21. Nf3 Bc5 22. Bc2 Rae8 23. Rfe1 f5 24. Qd1 Rd8 25. Qe2 Rd6 26. Rcd1 Rfd8 27. Rxd6 Rxd6 28. Qe5 Bd4 29. Ba4 Bxe5 30. Bxc6 Rxc6 31. Nxe5 Rc5 32. b3 Be4 33. Nd7 Ra5 34. f3 Bc6 35. Nb8 Bb7 36. Rxe6 Rxa2 37. Rb6 Bc8 38. Nc6 Kf7 39. Nxb4 Ra3 40. Nd5 Be6 41. Rb7+ Kf8 42. Nf4 Bf7 43. Ne2 Ra1+ 44. Kf2 Rb1 45. Nd4 Bxc4 46. Ra7 1/2-1/2

[Event "RSA-ch U20"]
[Site "Kapstadt"]
[Date "2022.07.13"]
[Round "5"]
[White "Selepe, Lwazi"]
[Black "Mnyasta, Tezihano"]
[Result "0-1"]
[WhiteElo "1480"]
[BlackElo "1627"]
[PlyCount "108"]
[EventDate "2022.07.11"]
[EventType "swiss"]
[EventRounds "6"]
[EventCountry "RSA"]
[SourceTitle "EXT 2023"]
[Source "ChessBase"]
[SourceDate "2022.10.05"]
[SourceVersion "1"]
[SourceVersionDate "2022.10.05"]
[SourceQuality "1"]

1. e4 c5 2. Nf3 g6 3. c3 Nc6 4. d4 cxd4 5. cxd4 Bg7 6. Nc3 d6 7. Bc4 Nf6 8. d5 Na5 9. Bb5+ Bd7 10. Qa4 0-0 11. Bxd7 Nxd7 12. Be3 a6 13. Bd4 b5 14. Qb4 Ne5 15. Bxe5 dxe5 16. Rd1 Nc4 17. 0-0 Nd6 18. Qc5 Rc8 19. Qa7 b4 20. Ne2 Nxe4 21. Qxa6 Ra8 22. Qc4 Nd6 23. Qxb4 Rxa2 24. Nc3 Ra8 25. Qh4 Rb8 26. Rd2 h6 27. Re1 Qc7 28. Rde2 Nc4 29. d6 exd6 30. Nd5 Qc5 31. Ne7+ Kh8 32. Re4 d5 33. Rg4 g5 34. Rxg5 Qxe7 35. Qh5 Nd2 36. Rexe5 Nxf3+ 37. gxf3 Qf6 38. Ref5 Qxb2 39. Rg4 Qa1+ 40. Kg2 Rb1 41. Kh3 Rg1 42. Rxg1 Qxg1 43. Rxf7 Rxf7 44. Qxf7 Qg5 45. Qe8+ Kh7 46. Qd7 d4 47. f4 Qxf4 48. Qd5 Qg5 49. Qd7 Qh5+ 50. Kg3 Qg6+ 51. Kh4 Qe4+ 52. f4 Qxf4+ 53. Kh3 h5 54. Qe6 Qe3+ 0-1

[Event "RSA-ch U20"]
[Site "Kapstadt"]
[Date "2022.07.12"]
[Round "3"]
[White "Muller, Kaden"]
[Black "Selepe, Lwazi"]
[Result "0-1"]
[WhiteElo "1147"]
[BlackElo "1480"]
[PlyCount "112"]
[EventDate "2022.07.11"]
[EventType "swiss"]
[EventRounds "6"]
[EventCountry "RSA"]
[SourceTitle "EXT 2023"]
[Source "ChessBase"]
[SourceDate "2022.10.05"]
[SourceVersion "1"]
[SourceVersionDate "2022.10.05"]
[SourceQuality "1"]

1. d4 Nf6 2. Bg5 Ne4 3. h4 h6 4. Bf4 d5 5. Nd2 Nf6 6. e3 c5 7. Ngf3 e6 8. c3 Qb6 9. Qc2 Bd7 10. Qb3 c4 11. Qxb6 axb6 12. Ne5 b5 13. Be2 Nc6 14. Nxc6 Bxc6 15. f3 Be7 16. g4 Kd7 17. Kf2 b4 18. e4 b5 19. e5 Ne8 20. Bg3 Nc7 21. f4 bxc3 22. bxc3 Ra3 23. Rhc1 Rha8 24. Rc2 b4 25. Nb1 R3a4 26. cxb4 Nb5 27. Nc3 Nxd4 28. Nxa4 Nxc2 29. Nb6+ Kd8 30. Nxa8 Nxa1 31. Nb6 Bxb4 32. Nxc4 dxc4 33. Bxc4 Nc2 34. Bd3 Be1+ 35. Ke2 Bxg3 36. Bxc2 Bxf4 37. a4 Bxe5 38. g5 hxg5 39. hxg5 Bf4 40. g6 fxg6 41. Bxg6 Bxa4 42. Kf3 e5 43. Be4 Ke7 44. Kg4 Kf6 45. Kf3 g5 46. Kg4 Bd7+ 47. Kf3 g4+ 48. Kf2 Bf5 49. Bd5 e4 50. Bc4 Ke5 51. Be2 Kd4 52. Kg1 Ke3 53. Kf1 g3 54. Bb5 Bh3+ 55. Kg1 Kd2 56. Kh1 g2+ 0-1